000 00622nam a22002417a 4500
003 UA-OsUOA
001 92781
007 ta
008 20121225b un ||||| |||| 00| 0 ukr d
100 _aАлексеев С. Т.
090 _a821.161.1
_bА47
942 _cBK
040 _aUA-OsUOA
_brus
_cUA-OsUOA
_dUA-OsUOA
245 _aРой
_bроман
300 _a384 с.
955 _a3
041 _arus
080 _a821.161.1
020 _a5-235-00145-1
260 _aМ.
_bМолодая гвардия
_c1988
650 7 _a82 Література. Літературознавство
_2UDC
999 _c379247
_d379247